Statistiken für Liedtext - Schwarz Zu Blau - Peter Fox

Klicken Sie hier um das Quiz zu spielen!

Allgemein

  • Dieses Quiz wurde 830 mal gespielt
  • Das Durchschnittsergebnis liegt bei 315 aus 413

Antwortstatistiken

Textquiz% Korrekt
'm
97%
'n
97%
blau
96%
Du
96%
du
96%
'n
96%
zu
96%
ich
95%
Ich
95%
schwarz
95%
die
94%
Die
94%
Und
93%
und
93%
da
92%
Da
92%
der
92%
so
92%
Es
91%
es
91%
kann
91%
schön
91%
auf
90%
nach
90%
Berlin
89%
in
89%
sein
89%
aus
88%
das
88%
hässlich
88%
is'
88%
kannst
88%
grau
87%
den
86%
Komm'
86%
mich
86%
nicht
86%
meine
85%
Morgen
85%
war
85%
wird
85%
Wird
85%
Club
84%
Dein
84%
dreckig
84%
Guten
84%
ist
84%
auch
83%
geh'
83%
Deine
82%
fressen
82%
gewesen
82%
im
82%
Leben
82%
langsam
81%
oder
81%
aber
80%
durch
80%
hat
80%
Straßen
80%
An
79%
denn
79%
dir
79%
Gesicht
79%
sagen
79%
seh'
79%
Hause
78%
schönes
78%
dass
77%
Dass
77%
ins
77%
mach'
77%
schrecklich
77%
Stinke
77%
Suff
77%
voll
77%
kalt
76%
lauf'
76%
Nächte
76%
nichts
76%
schlagen
76%
sich
76%
über
76%
werd'
76%
für
75%
Hosen
75%
schlaf'
75%
Weg
75%
am
74%
Dönerläden
74%
Ein
74%
Halt's
74%
Jacke
74%
Maul
74%
mir
74%
Mir
74%
Ratten
74%
sagt
74%
Sam
74%
Schatten
74%
Asphalt
73%
bin
73%
hab
73%
Kotze
73%
meinen
73%
Meinen
73%
zwischen
73%
Backwaren
72%
Beste
72%
dich
72%
Ecke
72%
rote
72%
Tarek
72%
tropft
72%
weiß
72%
wie
72%
zum
72%
Bei
71%
meinem
71%
satt
71%
Suppe
71%
wohl
71%
Fatima
70%
gibt
70%
Schnapsleichen
70%
Stress
70%
Backwarenverkäuferin
69%
bist
69%
Steig'
69%
Tauben
69%
verwesen
69%
will
69%
Augen
68%
geb'
68%
hin
68%
kaputt
68%
süßen
68%
während
68%
warm
68%
atme
67%
brauch'
67%
Doch
67%
doch
67%
Kotti
67%
weißt
67%
liegt
66%
ob
66%
schlecht
66%
Stadt
66%
man
65%
muss
65%
pennt
65%
toten
65%
Träumen
64%
Bock
63%
haben
63%
Atmen
62%
hart
62%
Hund
62%
keinen
62%
Mit
62%
'ner
62%
daneben
61%
denkst
61%
Diese
61%
Frau
61%
jeder
61%
Jeder
61%
Reden
61%
sind
61%
Tret'
61%
Armen
60%
benehm'
60%
Bus
60%
gar
60%
kommt
60%
Scheiße
60%
von
60%
was
60%
Bagdads
59%
brenn'
59%
flennt
59%
Halb
59%
lese
59%
Panorama
59%
sechs
59%
Sonne
59%
"Straßenfeger"
59%
Suche
59%
versaut
59%
wollen
59%
Atzen
58%
eigentlich
58%
meines
58%
Mund
58%
Typen
58%
benebelt
57%
Frust
57%
Gegend
57%
mal
57%
schweben
57%
Teil
57%
überall
57%
geht
56%
Lebens
56%
rotzen
56%
Siehst
56%
Stapf'
56%
Szene
56%
eben
55%
Mädels
55%
Neonlicht
55%
Staub
55%
Weitem
54%
dagegen
53%
deinen
53%
Falten
53%
fühl'
53%
gerade
53%
Gestalten
53%
Hooligan
53%
Saft
53%
Gepiercte
52%
Müde
52%
dringlichen
51%
Junks
51%
reib'
51%
reines
51%
Straßengangs
51%
tiefen
51%
ungesund
51%
bleibt
50%
ständig
50%
Benz
49%
Feierabend
49%
Kopf
49%
dicken
48%
Frühschicht
48%
Panik
48%
verzweifelter
46%
Bräute
45%
Hysterische
44%
parkenden
44%
schweigt
44%
Szene-Schnösel
42%
keifen
39%
aus'm
37%
pumpen
37%
R'n'B-Balladen
29%

Verteilung der Resultate

Perzentil nach korrekt beantworteten Fragen

Anzahl Personen mit jedem Resultat

Ihre Resultats-Entwicklung

Sie haben dieses Quiz noch nicht gespielt